| 000 | 01127nam a22003257a 4500 | ||
|---|---|---|---|
| 001 | 0011606 | ||
| 003 | DO-SdBNP | ||
| 005 | 20180118100139.0 | ||
| 007 | 0011606 | ||
| 008 | 161011b 2008 sp ||||| |||| 00| 0 spa d | ||
| 020 | _a9788430606948 | ||
| 040 |
_aBPMSU _bspa _cBPMSU |
||
| 082 | 4 |
_a946.06 _bC169p |
|
| 100 | 1 | _aCalvo Serraller, Francisco | |
| 245 | 1 |
_aPor la independencia : _bla crisis de 1808 y sus consecuencias / _cFrancisco Calvo Serraller, Juan Pablo Fusi ; edición Pilar Barbeito |
|
| 260 |
_aEspaña : _bTaurus, _bSantillana Ediciones Generales, _c2008. |
||
| 300 |
_a239 p. : _bil., _c31 cm. |
||
| 490 | 1 | _aHistoria/Taurus | |
| 500 | _aIncluye índice de ilustraciones | ||
| 650 | 4 |
_aGUERRA PENINSULAR _e1807-1814 |
|
| 651 | 4 |
_aESPAÑA _xPOLÍTICA Y GOBIERNO _y1808-1814 |
|
| 651 | 4 |
_aESPAÑA _yHISTORIA-INVASIÓN NAPOLEÓNICA, 1808-1813 |
|
| 651 | 4 |
_aESPAÑA _xHISTORIA _y1808-1813 |
|
| 700 | 1 | 2 |
_aFusi Aizpurúa, Juan Pablo _d1945- |
| 700 | 1 | 2 |
_aBarbeito, Pilar, _eed. |
| 830 | 0 | _aHistoria/Taurus | |
| 942 |
_2ddc _cBK |
||
| 945 | _aInventariado, 2018/MFF | ||
| 956 |
_aBTAVÁREZ _b10 _c20161110 _d0011606 |
||
| 999 |
_c11525 _d11525 |
||